000 00603nam a2200229Ia 4500
003 OSt
005 20221005125826.0
006 a|||||r|||| 00| 0
007 ta
008 221004b |||||||| |||| 00| 0 mal d
024 _a52896
037 _cTextual
040 _aCRL
_cCRL
_bmal
041 _2mal
_amal
082 _aLB:4:6, 32K6
100 _aVydyar C. R. Kesavan Au.
_9637176
245 0 _aPrathyoushadha vidhiyum prathamachikilsayum
260 _c1966
650 _aMEDICINE
942 _hLB:4:6, 32K6
_cTEXL
_2cc
999 _c1055194
_d1055194